| 000 | 00589nam a2200181Ia 4500 | ||
|---|---|---|---|
| 003 | OSt | ||
| 005 | 20240404112822.0 | ||
| 008 | 210210b1963 xxu||||| |||| 00| 0 eng d | ||
| 040 | _cAL | ||
| 041 | _aKannada | ||
| 082 | _a852/298 | ||
| 100 |
_aDADA DHARMADHIKARI ದಾದಾ ಧರ್ಮಾಧಿಕಾರಿ _9158379 |
||
| 245 |
_aManaviya Nishte: Sarvodaya Kranti _bಮಾನವೀಯ ನಿಷ್ಠೆ: ಸರ್ವೋದಯ ಕ್ರಾಂತಿ |
||
| 260 |
_aBengaluru _bGandhi Smarak Nidhi _c1963 |
||
| 690 |
_aKannada Prose _9158381 |
||
| 906 | _a018868 | ||
| 942 |
_2ddc _cBK |
||
| 999 |
_c142596 _d142596 |
||